| 000 | 00581nam a22001817a 4500 | ||
|---|---|---|---|
| 999 |
_c174112 _d174112 |
||
| 005 | 20210817150158.0 | ||
| 010 | _aENG-128088 | ||
| 020 |
_c750.00 _a9789381169094 |
||
| 035 | _aEN-111620 | ||
| 037 | _bDBAD/PUB | ||
| 082 | _a025.00285 | ||
| 100 | _aNawathe, Manisha S. | ||
| 245 |
_aDigital Library: _bManagement & Technologies / _cby Manisha S. Nawathe |
||
| 260 |
_aJaipur _bVital Publications _c2013 |
||
| 270 |
_aD-19, Inderpuri, Lalkothi _bJaipur _e302015 _mvitalpublications@yahoo.co.in |
||
| 300 |
_a198p. _c22cm(hbk) |
||
| 942 |
_2ddc _cEN _h025.00285 _mNAW |
||